Normal view
MARC view
- Kumar, Anurag/ Manjunath, D./ Kuri, Joy
Entry Personal Name
001 - CONTROL NUMBER
- control field: 282
003 - CONTROL NUMBER IDENTIFIER
- control field: OSt
005 - DATE AND TIME OF LATEST TRANSACTION
- control field: 20160202133247.0
008 - FIXED-LENGTH DATA ELEMENTS
- fixed length control field: 160202|| aca||aabn | a|a d
040 ## - CATALOGING SOURCE
- Original cataloging agency: OSt
100 ## - HEADING--PERSONAL NAME
- Personal name: Kumar, Anurag/ Manjunath, D./ Kuri, Joy
